Cloning of cellobiose phosphoenolpyruvate-dependent phosphotransferase genes : Functional expression in recombinant Escherichia coli and identification of a putative binding region for disaccharides /
Saved in:
| Other Authors: | , , , |
|---|---|
| Format: | Article |
| Language: | English |
| Subjects: | |
| Tags: |
Add Tag
No Tags, Be the first to tag this record!
|
| Institutions: | Thư viện Trường Đại học Đà Lạt |
|---|
| LEADER | 01156nam a2200361 4500 | ||
|---|---|---|---|
| 001 | DLU090095957 | ||
| 005 | ##20091201 | ||
| 040 | # | # | |a DLU |b eng |
| 041 | # | # | |a eng |
| 044 | # | # | |a us |
| 245 | # | # | |a Cloning of cellobiose phosphoenolpyruvate-dependent phosphotransferase genes : Functional expression in recombinant Escherichia coli and identification of a putative binding region for disaccharides / |c X. Lai ... [et al.]. |
| 653 | # | # | |a Bacillales |
| 653 | # | # | |a Bacillus subtilis |
| 653 | # | # | |a Enzyme |
| 653 | # | # | |a Escherichia coli |
| 653 | # | # | |a Gene library |
| 653 | # | # | |a Homology |
| 653 | # | # | |a Nucleotide sequence |
| 653 | # | # | |a Recombinant protein |
| 700 | # | # | |a Davis, F. C. |
| 700 | # | # | |a Hespell, R. B. |
| 700 | # | # | |a Ingram, L. O. |
| 700 | # | # | |a Lai, X. |
| 773 | # | # | |t Applied and Environmental Microbiology |g Vol. 63, no. 2 (February 1997), p. 355-363 |
| 920 | # | # | |a Phòng Tạp chí -- Trung tâm Thông tin - Thư viện Trường Đại học Đà Lạt |
| 994 | # | # | |a DLU |
| 900 | # | # | |a True |
| 911 | # | # | |a Trương Bảo Trâm Anh |
| 925 | # | # | |a G |
| 926 | # | # | |a A |
| 927 | # | # | |a BB |
| 980 | # | # | |a Thư viện Trường Đại học Đà Lạt |